00251nam a22001097a 4500020001800000082001700018100001600035245003000051260003400081300001100115700001500126 a9788120349322 a621.3822 NAV aNavas, K.A. aLAB primer through MATLAB aNew DelhibPHI learningc2014 a345 p. a K.A.Navas